000 00278nam a22001217a 4500
008 180802b xxu||||| |||| 00| 0 eng d
082 _a813.52
245 _aHabitat for Humanity
_cLeffers,M.R
260 _c2010
300 _a1
_fCD
440 _x9780135027288
942 _2ddc
_cMX
999 _c46717
_d46717